Researches in Sinai (Record no. 575675)

MARC details
000 -LEADER
fixed length control field 01148nam a2200169Ia 4500
008 - FIXED-LENGTH DATA ELEMENTS--GENERAL INFORMATION
fixed length control field 250714s9999 xx 000 0 und d
020 ## - INTERNATIONAL STANDARD BOOK NUMBER
ISBN 9780710308221
082 ## - DEWEY DECIMAL CLASSIFICATION NUMBER
Classification number 939.48
Item number PET
100 ## - MAIN ENTRY--AUTHOR NAME
Personal name Petrie, William Matthew Flinders
245 #0 - TITLE STATEMENT
Title Researches in Sinai
260 ## - PUBLICATION, DISTRIBUTION, ETC. (IMPRINT)
Name of publisher Routledge
Year of publication 2003
300 ## - PHYSICAL DESCRIPTION
Number of Pages 518 pages
500 ## - GENERAL NOTE
General note Written by one of the most respected Egyptologists ever known, this remarkable work is at the same time original research in a previously neglected area of study, an account of an archeological survey and its methods, and a fascinating and illuminating discourse on the policies of the region of the time. No work or writer has addressed the issues of Egyptian ambition and the events of which took place in Palestine so cogently. Palestine, a fought-over land even at that time, inhabited by various tribal groups as it was, its history and its archeological remains are discussed "on the spot," both in relation to the finds of the expeditions, known historical events, and accounts taken from the Bible, particularly the accounts of Exodus.
650 ## - SUBJECT ADDED ENTRY--TOPICAL TERM
Topical Term History
942 ## - ADDED ENTRY ELEMENTS (KOHA)
Koha item type English Books
Holdings
Withdrawn status Lost status Damaged status Not for loan Home library Current library Shelving location Date acquired Full call number Accession Number Price effective from Koha item type
        Anna Centenary Library Anna Centenary Library 7TH FLOOR, B WING 14.07.2025 939.48 PET 175117 14.07.2025 English Books

Find us on the map